Movies Quiz

Random Movies or Oscar Quiz

Golden Globe to Oscar Transition Quiz Stats

 Plays Quiz Updated Dec 6, 2018

Support Sporcle.
Go Orange.
Score 0/39 Timer 07:00
5 Plays Today
Film/Actor % Correct
Emma Stone
84.9%
Jennifer Lawrence
84.4%
Jamie Foxx
82.5%
Reese Witherspoon
81.2%
Jim Carrey
79.5%
Jack Nicholson
79.2%
Gwyneth Paltrow
78.8%
Kate Winslet
60.5%
Yul Brynner
58.9%
Moonlight
58.7%
Chicago
56.4%
Marion Cotillard
54.8%
Rex Harrison
51.5%
Argo
50%
The Artist
50%
Crash
47%
Shakespeare in Love
43.3%
The Lord of the Rings: The Return of the King
42.7%
Slumdog Millionaire
42.2%
Omar Sharif
41.5%
Film/Actor % Correct
Richard Dreyfuss
39.7%
Jean Dujardin
38.3%
12 Years a Slave
37.6%
Driving Miss Daisy
32.1%
Lee Marvin
31.6%
Oliver!
30%
Art Carney
29.2%
The Sting
27.8%
The Hangover
14.4%
Shirley MacLaine
12.7%
Walk the Line
12.6%
Dreamgirls
10.4%
Sweeney Todd: The Demon Barber of Fleet Street
8%
Vicky Cristina Barcelona
6.5%
Spartacus
5.5%
Spencer Tracy
5.4%
East of Eden
4.3%
The Cardinal
3.4%
Anthony Franciosa
3%

You're not logged in!

Compare scores with friends on all Sporcle quizzes.
OR
Log In
Forgot?

From the Vault

Is It Offside?

by markassonne

Sports 10m
This should give you a few more things to yell at the ref.
Remove Ads.
Support Sporcle.
Get the best of Sporcle when you Go Orange. This ad-free experience offers more features, more stats, and more fun while also helping to support Sporcle. Thank you for becoming a member.

Show Comments

Extras

Top Quizzes Today


Score Distribution

Your Account Isn't Verified!

In order to create a playlist on Sporcle, you need to verify the email address you used during registration. Go to your Sporcle Settings to finish the process.

Report this User

Report this user for behavior that violates our Community Guidelines.

Details: